Statistics for Countries With the Highest Homicide Rate by Continent

Click here to take the quiz!

General Stats

  • This quiz has been taken 35 times
  • The average score is 23 of 37

Answer Stats

Continent#RateAnswer% Correct
Asia26.8Russia
93%
Europe16.8Russia
93%
South America321.3Brazil
90%
South America225.4Colombia
90%
South America127.0Ecuador
90%
South America419.3Venezuela
87%
North America153.3Jamaica
83%
North America535.1Honduras
80%
South America67.3Suriname
80%
Africa321.7Nigeria
73%
Africa141.9South Africa
73%
Europe33.8Ukraine
70%
South America511.2Uruguay
70%
Oceania29.4Papua New Guinea
67%
Oceania63.7Solomon Islands
67%
North America340.0Trinidad and Tobago
67%
Asia36.3Yemen
67%
Asia115.4Iraq
60%
Oceania37.2Kiribati
60%
Europe53.0Moldova
60%
Oceania54.0Marshall Islands
57%
Oceania111.2Palau
57%
North America436.7Saint Lucia
57%
North America631.2Bahamas
53%
Asia64.3Philippines
53%
North America240.4Saint Vincent and the Grenadines
53%
Oceania46.2Samoa
53%
Africa514.1South Sudan
43%
Africa612,7Eswatini
40%
Africa237.7Lesotho
40%
Europe43.6Latvia
37%
Asia46.2Mongolia
37%
Europe62.6Montenegro
37%
Asia54.8Thailand
37%
Africa414.6Eritrea
33%
Europe62.6Andorra
27%
Europe25.1Liechtenstein
17%

Score Distribution

Percentile by Number Answered

Percent of People with Each Score

Your Score History

You have not taken this quiz